000 00632cas a2200181 4500
008 141126n eng u
020 _a096538697X
035 _a(Sirsi) a186398
050 _aBF 637.N4 LUM 2003
100 _aLum, Grande
245 _aExpand the pie:
_bhow to create more value in any negotiation/
_bGrade Lum, Irma Tyler-Wood and Anthony wanis-St. John
260 _aWashington, DC:
_bCastle Pacific Publishing Company,
_c2003.
300 _aiii, 215p.:
_bill.
504 _aIncludes bibliographical references
650 _aNegotiation
700 _aTyler-Wood, Irma
700 _aWanis-St. John, Anthony
999 _c122600
_d122600